| 000 | 01112cad a22002535a 4500 | ||
|---|---|---|---|
| 001 | L154477 | ||
| 008 | 111212s2011 xxkqr p 0 a0eng u | ||
| 035 | _a(Sirsi) u154477 | ||
| 041 | 0 | _aeng | |
| 100 | 1 | _aKnox, Kate | |
| 110 | 2 |
_aCharles Russell LLP _95345 |
|
| 245 | 0 | 4 |
_aThe New Construction Act _bfinally live! _h[electronic resource] |
| 260 |
_a[S.l.] _bCharles Russell LLP _c2011 |
||
| 520 | _aExplains changes to the payment procedure and how the JCT 2011 implements the changes. | ||
| 590 | _aKA NTK | ||
| 650 | 2 | 4 | _aHOUSING GRANTS, CONSTRUCTION AND REGENERATION ACT 1996 |
| 650 | 2 | 4 | _aLOCAL DEMOCRACY, ECONOMIC DEVELOPMENT AND CONSTRUCTION ACT 2009 |
| 651 | 4 |
_aEngland and Wales _y1543- |
|
| 690 | _aBUILT ENVIRONMENT-CONSTRUCTION MANAGEMENT-BUILDING CONTRACT ADMINISTRATION | ||
| 690 |
_aProcurement _96260 |
||
| 690 | _aBUILT ENVIRONMENT-BUILDING CONTRACT FORMS-STANDARD FORMS OF BUILDING CONTRACT | ||
| 856 | 4 | 0 |
_uhttps://www.mondaq.com/x/151906/Building+Construction/The+new+Construction+Act+finally+live&email_access=on _zView the article free of charge at www.mondaq.com |
| 942 | _n0 | ||
| 999 |
_c113002 _d113002 |
||